Tamanhas eram as alegrias (Record no. 42511)

MARC details
000 -Etiqueta do registo
Valores 00451nam a2200169 4500
100 ## - Dados gerais de processamento
Dados gerais 20240110 pory50
101 ## - Língua de publicação
Língua por
102 ## - País de publicação
País Pt
200 ## - Titulo e menção de responsabilidade
Título próprio Tamanhas eram as alegrias
Primeira menção de responsabilidade George Orwell
-- adap. Sean Michael Wilson, il. Jaime Huable
Outras menções de responsabilidade tra d. Guilherme Pires
205 ## - Menção da edição
Edição 1.ª ed.
210 ## - Publicação
Local de publicação Lisboa
Nome do editor Cavalo de Ferro
Data de publicação 2023
215 ## - Descrição física 
Paginação / Volumes 112 p..
Outras indicações físicas il.
675 ## - CDU
Notação 82-9
801 ## - Fonte de origem
País PT
Regras de catalogação RPC
990 ## - Elementos KOHA
Tipo de documento Livro
Holdings
Aquisição Empréstimo Código de barras Cota Permissão de empréstimo Tipo de documento
Biblioteca Escolar Doutor Hernâni Cidade Biblioteca Escolar Doutor Hernâni Cidade 55623 82-9 AA.VV. B.D. / N.G.   Livro

Powered by Koha